CLINICAL ATLAS OF HUMAN ANATOMY (Record no. 8486)

MARC details
000 -LEADER
fixed length control field 00302nam a22001457a 4500
003 - CONTROL NUMBER IDENTIFIER
control field SGT
082 ## - DEWEY DECIMAL CLASSIFICATION NUMBER
Classification number 611
Item number C14A
100 ## - MAIN ENTRY--PERSONAL NAME
Personal name ABRAHAMS,PETER.H
245 ## - TITLE STATEMENT
Title CLINICAL ATLAS OF HUMAN ANATOMY
250 ## - EDITION STATEMENT
Edition statement 7TH
260 ## - PUBLICATION, DISTRIBUTION, ETC. (IMPRINT)
Place of publication, distribution, etc DELHI
Name of publisher, distributor, etc ELSEVIER
Year of Publication 2014
300 ## - PAGE DESCRIPTION
No. of Pages 387
650 ## - SUBJECT ADDED ENTRY--TOPICAL TERM
Topical term or geographic name as entry element ANATOMY
942 ## - ADDED ENTRY ELEMENTS (KOHA)
Source of classification or shelving scheme Dewey Decimal Classification
Koha item type Books
Holdings
Withdrawn status Lost status Source of classification or shelving scheme Damaged status Use restrictions Not for loan Collection code Home library Current library Shelving location Date acquired Vendor Name Cost, normal purchase price SGTU Bill Number Full call number Accession No. (Barcode) Date last seen Bill Date Koha item type
    Dewey Decimal Classification   Restricted Access   AYURVEDA SGT FA-FP Library SGT FA-FP Library Reference Book 17/03/2016 AHUJA 0.00 SGTU 6404 611 C14A FA3711 17/03/2016 22/12/2015 Books
    Dewey Decimal Classification   Restricted Access   AYURVEDA SGT FA-FP Library SGT FA-FP Library Reference Book 17/03/2016 AHUJA 0.00 SGTU 6404 611 C14A FA3712 17/03/2016 22/12/2015 Books
    Dewey Decimal Classification   Restricted Access   AYURVEDA SGT FA-FP Library SGT FA-FP Library Reference Book 17/03/2016 AHUJA 0.00 SGTU 6404 611 C14A FA3713 17/03/2016 22/12/2015 Books
    Dewey Decimal Classification   Restricted Access   AYURVEDA SGT FA-FP Library SGT FA-FP Library Reference Book 17/03/2016 AHUJA 0.00 SGTU 6404 611 C14A FA3714 17/03/2016 22/12/2015 Books
    Dewey Decimal Classification   Restricted Access   AYURVEDA SGT FA-FP Library SGT FA-FP Library Reference Book 17/03/2016 AHUJA 0.00 SGTU 6404 611 C14A FA3715 17/03/2016 22/12/2015 Books